[Event "Philadelphia Open"]
[Site "Philadelphia"]
[Date "2017.04.13"]
[Round "3.1"]
[White "IM Gurevich, Daniel"]
[Black "GM Sadorra, Julio"]
[Result "1-0"]
[WhiteElo "2465"]
[BlackElo "2580"]
[PlyCount "83"]
[EventDate "2017.04.??"]
[EventType "swiss"]
[EventRounds "9"]
[EventCountry "USA"]

1. e4 e6 2. d4 d5 3. Nc3 Bb4 4. e5 c5 5. a3 Bxc3+ 6. bxc3 Qa5 7. Bd2 Qa4 8. Qg4
Kf8 9. c4 Nc6 10. Nf3 Qxc2 11. dxc5 Nh6 12. Qf4 Nf5 13. Be2 Qe4 14. Rd1 Bd7 15.
Bc1 Be8 16. cxd5 exd5 17. O-O Qxf4 18. Bxf4 Nd8 19. Rxd5 Ne6 20. Be3 Rc8 21.
Rc1 Bc6 22. Rd2 Ke7 23. Bg5+ Nxg5 24. Nxg5 Rcd8 25. Rcd1 Rxd2 26. Rxd2 h6 27.
Nf3 Rc8 28. Bd3 Bd7 29. g4 Rxc5 30. gxf5 Bc6 31. Nd4 Rxe5 32. Nxc6+ bxc6 33.
Rc2 Kd6 34. Rc4 Ra5 35. a4 Rd5 36. Be4 Rd1+ 37. Kg2 c5 38. Bf3 Rb1 39. Rg4 Rb4
40. Rxg7 Rxa4 41. Rxf7 c4 42. Rh7 1-0

[Event "Philadelphia Open"]
[Site "Philadelphia"]
[Date "2017.04.13"]
[Round "3.2"]
[White "GM Barbosa, Oliver"]
[Black "Zhu, Jack"]
[Result "1-0"]
[WhiteElo "2509"]
[BlackElo "2427"]
[PlyCount "73"]
[EventDate "2017.04.??"]
[EventType "swiss"]
[EventRounds "9"]
[EventCountry "USA"]

1. d4 d5 2. Nf3 Nf6 3. c4 e6 4. g3 Be7 5. Bg2 O-O 6. O-O dxc4 7. Qc2 a6 8. Qxc4
b5 9. Qc2 Bb7 10. Bf4 Nc6 11. Rd1 Nb4 12. Qc1 Rc8 13. a3 Nbd5 14. b4 a5 15. Ne5
c6 16. Nd3 axb4 17. axb4 Nxb4 18. Nc5 Qb6 19. Nd2 Nbd5 20. Be5 Ng4 21. Nd7 Qd8
22. Nxf8 Bxf8 23. e4 f6 24. exd5 cxd5 25. Qb1 fxe5 26. Bh3 h5 27. f3 Qb6 28.
fxg4 Qxd4+ 29. Kh1 Qf2 30. Bg2 b4 31. Qg6 Qf6 32. gxh5 e4 33. Nb3 Rc3 34. Nd4
b3 35. Rab1 Ba6 36. Bf1 Bb4 37. Bh3 1-0

[Event "Philadelphia Open"]
[Site "Philadelphia"]
[Date "2017.04.13"]
[Round "3.3"]
[White "FM Volkov, Dmitri"]
[Black "GM Berczes, David"]
[Result "0-1"]
[WhiteElo "2248"]
[BlackElo "2500"]
[PlyCount "52"]
[EventDate "2017.04.??"]
[EventType "swiss"]
[EventRounds "9"]
[EventCountry "USA"]

1. e4 e5 2. Nf3 Nc6 3. d4 exd4 4. Nxd4 Nf6 5. Nxc6 bxc6 6. e5 Qe7 7. Qe2 Nd5 8.
c4 Ba6 9. b3 g6 10. f4 g5 11. Ba3 Nb4 12. Bb2 gxf4 13. e6 O-O-O 14. Bxh8 Qh4+
15. g3 fxg3 16. hxg3 Qxh1 17. Bf6 Re8 18. e7 Bxe7 19. Bxe7 Nd5 20. Kf2 Rxe7 21.
Qf3 Qh2+ 22. Bg2 Ne3 23. Nc3 Nxg2 24. Qxg2 Qh6 25. Ne4 Rxe4 26. Qxe4 Qf6+ 0-1

[Event "Philadelphia Open"]
[Site "Philadelphia"]
[Date "2017.04.13"]
[Round "3.4"]
[White "FM Kretchetov, Alexandre"]
[Black "GM Lopez, Angel"]
[Result "0-1"]
[WhiteElo "2242"]
[BlackElo "2498"]
[PlyCount "81"]
[EventDate "2017.04.??"]
[EventType "swiss"]
[EventRounds "9"]
[EventCountry "USA"]

1. Nf3 d6 2. d4 Nf6 3. c4 g6 4. Nc3 Bg7 5. e4 O-O 6. h3 e5 7. d5 Nh5 8. Nh2 Qe8
9. Be2 Nf4 10. Bf3 f5 11. g3 Nxh3 12. Bg2 Qf7 13. Nf3 fxe4 14. Nxe4 Bg4 15.
Rxh3 Qf5 16. Neg5 e4 17. Rxh7 exf3 18. Rxg7+ Kxg7 19. Ne6+ Kg8 20. Bf1 Qe5+ 21.
Be3 Bxe6 22. dxe6 Qxe6 23. Qb3 Nd7 24. O-O-O b6 25. Qd3 Rae8 26. Bh6 Rf7 27.
Qd4 Ne5 28. Bf4 a5 29. b3 a4 30. Kb2 Nc6 31. Qc3 Qf6 32. Rd2 a3+ 33. Kc2 Nb4+
34. Qxb4 Qb2+ 35. Kd3 Qb1+ 36. Kc3 Qa1+ 37. Kc2 Qxa2+ 38. Kd3 Qb1+ 39. Kc3 a2
40. Rxa2 Qxa2 41. Qb5 0-1

[Event "Philadelphia Open"]
[Site "Philadelphia"]
[Date "2017.04.13"]
[Round "3.5"]
[White "Hong, Andrew"]
[Black "GM Shimanov, Alex"]
[Result "1/2-1/2"]
[WhiteElo "2378"]
[BlackElo "2650"]
[PlyCount "54"]
[EventDate "2017.04.??"]
[EventType "swiss"]
[EventRounds "9"]
[EventCountry "USA"]

1. e4 c6 2. d4 d5 3. e5 Bf5 4. Nf3 e6 5. Be2 Ne7 6. O-O c5 7. c4 Nbc6 8. dxc5
d4 9. Qb3 Ng6 10. Qxb7 Qc8 11. Qxc8+ Rxc8 12. a3 a5 13. Re1 Bxc5 14. Bd1 O-O
15. g3 Rfd8 16. Nbd2 f6 17. exf6 gxf6 18. b3 e5 19. Kg2 Re8 20. Ng1 Bd3 21. f3
Bf5 22. Nh3 Rcd8 23. Nf2 d3 24. Ra2 Be7 25. Re3 Bc5 26. Re1 Be7 27. Re3 Bc5
1/2-1/2

[Event "Philadelphia Open"]
[Site "Philadelphia"]
[Date "2017.04.13"]
[Round "3.6"]
[White "GM Belous, Vladimir"]
[Black "FM Thavandiran, Shiyam"]
[Result "1-0"]
[WhiteElo "2581"]
[BlackElo "2375"]
[PlyCount "84"]
[EventDate "2017.04.??"]
[EventType "swiss"]
[EventRounds "9"]
[EventCountry "USA"]

1. Nf3 Nf6 2. c4 e6 3. g3 d5 4. Bg2 Be7 5. O-O O-O 6. d4 dxc4 7. Qc2 a6 8. Rd1
b5 9. Ne5 Nd5 10. b3 cxb3 11. axb3 Bb7 12. Ba3 Bxa3 13. Nxa3 Qd6 14. Nd3 Nd7
15. e4 Ne7 16. b4 Rfd8 17. Rac1 c6 18. Qc3 Qb8 19. Nc2 Nc8 20. Ne3 Ncb6 21. Nc5
Rc8 22. h4 Nxc5 23. Qxc5 Na4 24. Qg5 h6 25. Qg4 Qd6 26. d5 cxd5 27. exd5 Rxc1
28. Rxc1 Rc8 29. Re1 Rc7 30. dxe6 Qxe6 31. Qf4 Qe7 32. Bxb7 Rxb7 33. Rc1 Qe6
34. Nf5 Kh7 35. Nd4 Qd5 36. Re1 Rd7 37. Nf5 Qd2 38. Re3 Qc1+ 39. Kh2 Qf1 40.
Ne7 Qb1 41. Qxf7 Rd8 42. Re6 Kh8 1-0

[Event "Philadelphia Open"]
[Site "Philadelphia"]
[Date "2017.04.13"]
[Round "3.7"]
[White "GM Sevian, Sam"]
[Black "Niemann, Hans"]
[Result "1-0"]
[WhiteElo "2574"]
[BlackElo "2281"]
[PlyCount "59"]
[EventDate "2017.04.??"]
[EventType "swiss"]
[EventRounds "9"]
[EventCountry "USA"]

1. e4 e6 2. d4 d5 3. Nc3 Nf6 4. Bg5 dxe4 5. Nxe4 Be7 6. Bxf6 gxf6 7. Qd2 f5 8.
Nc3 a6 9. g3 c5 10. d5 b5 11. Bg2 Ra7 12. Nh3 Rd7 13. Qf4 Bd6 14. Qh6 Be5 15.
dxe6 fxe6 16. Qh5+ Kf8 17. O-O Qf6 18. Rae1 Re7 19. Re2 Nd7 20. Rfe1 Kg7 21.
Nf4 Rhe8 22. Qxe8 Rxe8 23. Nh5+ Kf7 24. Nxf6 Bxf6 25. Nd5 e5 26. Nxf6 Kxf6 27.
f4 e4 28. g4 Bb7 29. gxf5 Rg8 30. Kf1 1-0

[Event "Philadelphia Open"]
[Site "Philadelphia"]
[Date "2017.04.13"]
[Round "3.8"]
[White "GM Erenburg, Sergey"]
[Black "IM Haubro, Martin"]
[Result "1-0"]
[WhiteElo "2568"]
[BlackElo "2355"]
[PlyCount "120"]
[EventDate "2017.04.??"]
[EventType "swiss"]
[EventRounds "9"]
[EventCountry "USA"]

1. e4 e5 2. Nf3 Nc6 3. Bb5 a6 4. Ba4 Nf6 5. O-O Be7 6. d3 b5 7. Bb3 d6 8. a4
Bd7 9. c3 O-O 10. Re1 b4 11. a5 Rb8 12. Nbd2 bxc3 13. bxc3 h6 14. Bc4 Be6 15.
Bxa6 Ra8 16. Bc4 Nxa5 17. Bxe6 fxe6 18. d4 exd4 19. cxd4 Nc6 20. Bb2 Rb8 21.
Bc3 Qd7 22. Qe2 Rb7 23. d5 Nd8 24. Ra5 e5 25. Rea1 Nf7 26. Ra7 Rfb8 27. Qc4 Bd8
28. h3 Rxa7 29. Rxa7 Qb5 30. Qxb5 Rxb5 31. Ba5 Rc5 32. Kf1 Rc1+ 33. Ke2 Ra1 34.
Bb6 Rxa7 35. Bxa7 Nh8 36. Ne1 Ng6 37. Nd3 Kf7 38. g3 Ke7 39. f4 exf4 40. gxf4
Kd7 41. Bd4 c6 42. f5 Nf8 43. e5 Nxd5 44. e6+ Nxe6 45. fxe6+ Kxe6 46. Bxg7 h5
47. Kf3 Kf7 48. Bd4 Bf6 49. Bf2 Ke6 50. Ne4 Be7 51. Ng3 Bh4 52. Nxh5 Bxf2 53.
Nxf2 Ne7 54. Nf4+ Kf5 55. h4 c5 56. Ne4 Ke5 57. h5 Nf5 58. Ng6+ Ke6 59. Kf4 Nh6
60. Nh4 c4 1-0

[Event "Philadelphia Open"]
[Site "Philadelphia"]
[Date "2017.04.13"]
[Round "3.9"]
[White "GM Li, Ruifeng"]
[Black "Lederer, Yoav"]
[Result "1-0"]
[WhiteElo "2565"]
[BlackElo "2317"]
[PlyCount "67"]
[EventDate "2017.04.??"]
[EventType "swiss"]
[EventRounds "9"]
[EventCountry "USA"]

1. e4 c5 2. Nc3 e6 3. Nf3 a6 4. g3 b5 5. Bg2 Bb7 6. d3 d6 7. O-O Nd7 8. Ng5 Be7
9. f4 Qc7 10. f5 e5 11. Nd5 Bxd5 12. exd5 Bxg5 13. Bxg5 Ngf6 14. Qe2 O-O 15. c4
Rfb8 16. g4 e4 17. dxe4 bxc4 18. Bf4 Re8 19. g5 Nxd5 20. Bg3 N5b6 21. f6 g6 22.
h4 h5 23. gxh6 Kh7 24. h5 Ne5 25. hxg6+ fxg6 26. Rad1 Rad8 27. f7 Nxf7 28. Rf6
Ne5 29. Bxe5 dxe5 30. Rdf1 Re7 31. Qg4 Rg8 32. Qg5 Nc8 33. Bh3 Nd6 34. Be6 1-0

[Event "Philadelphia Open"]
[Site "Philadelphia"]
[Date "2017.04.13"]
[Round "3.10"]
[White "Brodsky, David"]
[Black "GM Paragua, Mark"]
[Result "1-0"]
[WhiteElo "2313"]
[BlackElo "2521"]
[PlyCount "103"]
[EventDate "2017.04.??"]
[EventType "swiss"]
[EventRounds "9"]
[EventCountry "USA"]

1. e4 c5 2. Nf3 d6 3. d4 cxd4 4. Nxd4 Nf6 5. Nc3 a6 6. Be3 e5 7. Nb3 Be6 8. Qd2
Be7 9. O-O-O O-O 10. f4 Ng4 11. g3 Nxe3 12. Qxe3 Nd7 13. Kb1 Nf6 14. f5 Bd7 15.
Be2 b5 16. g4 b4 17. g5 Ng4 18. Bxg4 Bxg5 19. Qd3 bxc3 20. Qxd6 Bb5 21. Qxe5
Bf6 22. Qc5 Qe8 23. Rhe1 Rc8 24. Qg1 Qe5 25. Rd5 Qf4 26. e5 Bh4 27. f6 Bf2 28.
Rd4 Bxg1 29. Rxf4 Bxh2 30. Rfe4 Rc4 31. bxc3 Bg3 32. Rxc4 Bxe1 33. Rc7 Bg3 34.
c4 Ba4 35. Re7 gxf6 36. e6 Bxb3 37. cxb3 fxe6 38. Bxe6+ Kh8 39. Bf5 Rd8 40.
Rxh7+ Kg8 41. Ra7 Bf2 42. Rxa6 Kg7 43. Kc2 Be1 44. Re6 Bb4 45. Re2 Rd4 46. Kb2
Rf4 47. Be4 f5 48. Bd5 Rf1 49. a3 Bd6 50. b4 f4 51. c5 Bf8 52. c6 1-0

[Event "Philadelphia Open"]
[Site "Philadelphia"]
[Date "2017.04.13"]
[Round "3.11"]
[White "IM Burke, John"]
[Black "Santarius, Erick"]
[Result "1-0"]
[WhiteElo "2492"]
[BlackElo "2313"]
[PlyCount "120"]
[EventDate "2017.04.??"]
[EventType "swiss"]
[EventRounds "9"]
[EventCountry "USA"]

1. e4 c6 2. d4 d5 3. Nd2 dxe4 4. Nxe4 Nd7 5. Ng5 Ngf6 6. Bd3 e6 7. N1f3 Bd6 8.
Qe2 h6 9. Ne4 Nxe4 10. Qxe4 Qc7 11. O-O b6 12. Qg4 Kf8 13. Re1 c5 14. b3 Nf6
15. Qh4 Bb7 16. dxc5 Qxc5 17. Be3 Qh5 18. Qxh5 Nxh5 19. Nd4 Nf4 20. Bxf4 Bxf4
21. Rad1 Rc8 22. Bc4 Kg8 23. g3 Bg5 24. Nxe6 fxe6 25. Bxe6+ Kh7 26. Bf5+ Kg8
27. Rd7 Ba8 28. h4 Bf6 29. h5 Rb8 30. Rxa7 Bd5 31. Bg6 Kf8 32. Rd1 Bc6 33. Rf7+
Kg8 34. Re1 Rc8 35. Kh2 b5 36. Kh3 b4 37. f4 Rb8 38. Rc7 Bb5 39. Kh2 Kf8 40. f5
Be8 41. Re4 Bg5 42. Kh3 Bf6 43. Rb7 Rc8 44. Rexb4 Bxg6 45. fxg6 Ke8 46. R4b6
Ra8 47. Rd6 Rf8 48. a4 Ra5 49. Kg2 Re5 50. Ra6 Re2+ 51. Kh3 Rxc2 52. Ra8+ Bd8
53. Rxg7 Rc5 54. Rb7 Rxh5+ 55. Kg2 Rd5 56. Ra6 Rd2+ 57. Kh3 Re2 58. Rd6 Bg5 59.
a5 Rf1 60. g7 Rh1+ 1-0

[Event "Philadelphia Open"]
[Site "Philadelphia"]
[Date "2017.04.13"]
[Round "3.12"]
[White "GM Molner, Mackenzie"]
[Black "FM Pressman, Leif"]
[Result "1-0"]
[WhiteElo "2450"]
[BlackElo "2288"]
[PlyCount "83"]
[EventDate "2017.04.??"]
[EventType "swiss"]
[EventRounds "9"]
[EventCountry "USA"]

1. e4 e5 2. Nf3 Nc6 3. Bb5 a6 4. Ba4 Nf6 5. O-O Be7 6. d3 b5 7. Bb3 O-O 8. a4
Bb7 9. Nc3 b4 10. Nd5 Nxd5 11. Bxd5 Bf6 12. Be3 Qe7 13. Re1 Rab8 14. Qd2 Na5
15. d4 Bxd5 16. exd5 exd4 17. Bxd4 Qd6 18. Bxf6 Qxf6 19. Ne5 Qd6 20. Re4 f6 21.
Nf3 Rfe8 22. Rae1 Rxe4 23. Rxe4 f5 24. Rd4 Qc5 25. b3 Qc3 26. Qe2 Qa1+ 27. Rd1
Qf6 28. d6 cxd6 29. Qxa6 Nc6 30. Qd3 Ne5 31. Qxd6 Nxf3+ 32. gxf3 Qg5+ 33. Qg3
Qd8 34. Rxd7 Qf8 35. Qd6 Qe8 36. Kg2 h6 37. Qd5+ Kh8 38. Qxf5 Rb6 39. Qf7 Rg6+
40. Kf1 Qc8 41. Qxg6 Qxd7 42. Kg2 1-0

[Event "Philadelphia Open"]
[Site "Philadelphia"]
[Date "2017.04.13"]
[Round "3.13"]
[White "IM Mandizha, Farai"]
[Black "IM Vazquez, Guillermo"]
[Result "1/2-1/2"]
[WhiteElo "2359"]
[BlackElo "2446"]
[PlyCount "50"]
[EventDate "2017.04.??"]
[EventType "swiss"]
[EventRounds "9"]
[EventCountry "USA"]

1. Nf3 d5 2. g3 c6 3. Bg2 Bg4 4. d3 Nd7 5. Nbd2 e5 6. h3 Bh5 7. O-O Bd6 8. e4
Ne7 9. Re1 O-O 10. Nf1 f5 11. exf5 Bxf3 12. Bxf3 Nxf5 13. c4 Bb4 14. Bd2 Bxd2
15. Nxd2 Nc5 16. cxd5 Nxd3 17. Rf1 Nxb2 18. Qb3 Nd4 19. Qxb2 Rxf3 20. Nxf3
Nxf3+ 21. Kg2 Qxd5 22. Qb3 Ne1+ 23. Kg1 Nf3+ 24. Kg2 Ne1+ 25. Kg1 Nf3+ 1/2-1/2

[Event "Philadelphia Open"]
[Site "Philadelphia"]
[Date "2017.04.13"]
[Round "3.14"]
[White "FM Li, Ben"]
[Black "IM Mulyar, Michael"]
[Result "0-1"]
[WhiteElo "2230"]
[BlackElo "2390"]
[PlyCount "110"]
[EventDate "2017.04.??"]
[EventType "swiss"]
[EventRounds "9"]
[EventCountry "USA"]

1. d4 d5 2. Nf3 Nf6 3. c4 c6 4. e3 Bg4 5. h3 Bh5 6. Bd3 e6 7. O-O Be7 8. Nbd2
O-O 9. b3 Nbd7 10. Bb2 c5 11. Qc2 cxd4 12. exd4 dxc4 13. bxc4 Bg6 14. Bxg6 hxg6
15. Ne4 Nxe4 16. Qxe4 Nf6 17. Qe2 Rc8 18. Rac1 Bd6 19. Rfd1 Re8 20. Qd2 Qc7 21.
g3 Qc6 22. d5 exd5 23. cxd5 Qa4 24. Bxf6 gxf6 25. Kg2 Kg7 26. h4 Rxc1 27. Rxc1
Qg4 28. Rd1 Qc4 29. Rc1 Qe2 30. Qd4 Re4 31. Ng1 Rxd4 32. Nxe2 Rxd5 33. Rb1 Rd2
34. Nc3 f5 35. Rd1 Rxd1 36. Nxd1 Kf6 37. Kf3 Ke5 38. Nc3 Bc5 39. Ne2 b5 40. Nf4
a5 41. Ke2 Kd4 42. Nd3 Bd6 43. Kd2 a4 44. Nb2 Bb4+ 45. Ke2 Kc3 46. Nd1+ Kc2 47.
f3 Bc5 48. g4 fxg4 49. fxg4 b4 50. h5 gxh5 51. gxh5 Bd4 52. h6 b3 53. axb3 a3
54. h7 a2 55. Ne3+ Kc1 0-1

[Event "Philadelphia Open"]
[Site "Philadelphia"]
[Date "2017.04.13"]
[Round "3.15"]
[White "IM Sarkar, Justin"]
[Black "Daggupati, Balaji"]
[Result "1/2-1/2"]
[WhiteElo "2390"]
[BlackElo "2152"]
[PlyCount "88"]
[EventDate "2017.04.??"]
[EventType "swiss"]
[EventRounds "9"]
[EventCountry "USA"]

1. d4 d5 2. c4 c6 3. Nf3 Nf6 4. Nc3 e6 5. Bg5 dxc4 6. e4 b5 7. e5 h6 8. Bh4 g5
9. Bg3 Nd5 10. Nd2 Bb4 11. Qc2 Qb6 12. O-O-O Nd7 13. Nde4 Bb7 14. h4 g4 15. h5
O-O-O 16. Be2 Kb8 17. Bxg4 c5 18. Nxd5 Bxd5 19. Nf6 Nxf6 20. exf6+ Ka8 21. a3
Ba5 22. dxc5 Qc6 23. Bf3 Bxf3 24. gxf3 Qxf3 25. Bd6 Rhg8 26. Rh3 Qb7 27. a4 Bc7
28. axb5 Bxd6 29. cxd6 Qxb5 30. Qe4+ Qb7 31. Rh4 Qxe4 32. Rxe4 Rd7 33. Rxc4 Rg5
34. Rc7 Rxc7+ 35. dxc7 Kb7 36. Rd8 Kxc7 37. Rf8 Rxh5 38. Rxf7+ Kd6 39. Kd2 Rf5
40. Kc3 h5 41. f4 e5 42. fxe5+ Kxe5 43. Rxa7 Rxf6 44. Ra4 Ke6 1/2-1/2

[Event "Philadelphia Open"]
[Site "Philadelphia"]
[Date "2017.04.13"]
[Round "3.17"]
[White "WIM Eswaran, Ashritha"]
[Black "GM Troff, Kayden"]
[Result "0-1"]
[WhiteElo "2162"]
[BlackElo "2492"]
[PlyCount "108"]
[EventDate "2017.04.??"]
[EventType "swiss"]
[EventRounds "9"]
[EventCountry "USA"]

1. e4 c5 2. Nf3 d6 3. d4 cxd4 4. Nxd4 Nf6 5. Nc3 a6 6. Be3 e5 7. Nf3 Be7 8. Bc4
O-O 9. O-O Qc7 10. Bb3 Be6 11. Nh4 g6 12. Bh6 Re8 13. Qd2 Ng4 14. Bg5 Bxg5 15.
Qxg5 Qd8 16. Qxd8 Rxd8 17. Rfd1 Nc6 18. Nf3 Nf6 19. Rd2 Kf8 20. Rad1 Ke7 21.
Bd5 Bg4 22. Bxc6 bxc6 23. Rd3 Rab8 24. b3 Bxf3 25. Rxf3 d5 26. exd5 cxd5 27.
Rfd3 d4 28. Na4 Nd5 29. Re1 Nb4 30. Rd2 Kf6 31. c3 dxc3 32. Rxd8 Rxd8 33. Nxc3
Kf5 34. g4+ Ke6 35. a3 Nc2 36. Rc1 Nd4 37. b4 Rc8 38. Kg2 Nb3 39. Rc2 e4 40.
Kf1 Ke5 41. a4 Rc4 42. b5 axb5 43. axb5 Nd4 44. Rc1 Nxb5 45. f4+ Ke6 46. Ne2
Rxc1+ 47. Nxc1 Nd4 48. Na2 f5 49. Kf2 Kd5 50. Nc3+ Kc4 51. Nd1 Kd3 52. gxf5
Nxf5 53. Nb2+ Kc3 54. Na4+ Kd2 0-1

[Event "Philadelphia Open"]
[Site "Philadelphia"]
[Date "2017.04.13"]
[Round "3.18"]
[White "IM Balakrishnan, Praveen"]
[Black "Evans, Cory"]
[Result "1-0"]
[WhiteElo "2436"]
[BlackElo "2154"]
[PlyCount "75"]
[EventDate "2017.04.??"]
[EventType "swiss"]
[EventRounds "9"]
[EventCountry "USA"]

1. e4 c5 2. Nf3 d6 3. d4 cxd4 4. Nxd4 Nf6 5. Nc3 a6 6. Be2 e6 7. O-O Be7 8. f4
Nc6 9. Be3 O-O 10. Bf3 Qc7 11. Qe1 Nxd4 12. Bxd4 e5 13. Be3 b5 14. a3 Bb7 15.
f5 Rfe8 16. g4 d5 17. g5 Nxe4 18. Bxe4 dxe4 19. f6 Bc5 20. fxg7 Rac8 21. Nd1
Qd7 22. Qg3 Kxg7 23. Bxc5 Rxc5 24. Ne3 Bc8 25. Nf5+ Kh8 26. Nh6 Qd4+ 27. Kh1
Bb7 28. Nf5 e3+ 29. Kg1 Qxb2 30. Nxe3 Qd4 31. Rad1 Qe4 32. Rd7 Bc6 33. Rdxf7
Rc3 34. R1f3 Rd8 35. Qh3 Rxa3 36. Rf8+ Rxf8 37. Rxf8+ Kg7 38. Qh6# 1-0

[Event "Philadelphia Open"]
[Site "Philadelphia"]
[Date "2017.04.13"]
[Round "3.19"]
[White "IM Checa, Nicolas"]
[Black "Wang, Wesley"]
[Result "1-0"]
[WhiteElo "2400"]
[BlackElo "2111"]
[PlyCount "79"]
[EventDate "2017.04.??"]
[EventType "swiss"]
[EventRounds "9"]
[EventCountry "USA"]

1. Nf3 Nf6 2. c4 g6 3. Nc3 c5 4. g3 Bg7 5. Bg2 O-O 6. O-O Nc6 7. d3 d6 8. Bg5
a6 9. Qd2 Rb8 10. Bh6 e5 11. Bxg7 Kxg7 12. Ne1 Be6 13. Nc2 Qd7 14. f4 Ng8 15.
fxe5 Nxe5 16. Ne4 f5 17. Ng5 Ne7 18. b3 Ng4 19. Qc3+ Nf6 20. e4 h6 21. Nxe6+
Qxe6 22. Rae1 Qd7 23. Bh3 Kh7 24. exf5 gxf5 25. Rf4 Nh5 26. Rf2 Ng7 27. Ne3 Rf7
28. Ref1 Rbf8 29. d4 Qe6 30. d5 Qg6 31. Ng2 Qg5 32. Nf4 Ng6 33. Ne6 Nxe6 34.
dxe6 Rf6 35. Qd3 f4 36. e7 Re8 37. Rxf4 Rxf4 38. Rxf4 Rxe7 39. Bf5 Qf6 40. Rg4
1-0

[Event "Philadelphia Open"]
[Site "Philadelphia"]
[Date "2017.04.13"]
[Round "3.20"]
[White "Paciorkowski, Lev"]
[Black "IM Ippolito, Dean"]
[Result "0-1"]
[WhiteElo "2158"]
[BlackElo "2365"]
[PlyCount "70"]
[EventDate "2017.04.??"]
[EventType "swiss"]
[EventRounds "9"]
[EventCountry "USA"]

1. d4 d5 2. c4 c6 3. Nf3 Nf6 4. Nc3 e6 5. e3 Nbd7 6. Bd3 dxc4 7. Bxc4 b5 8. Bd3
a6 9. e4 c5 10. d5 Bb7 11. O-O Qc7 12. dxe6 fxe6 13. Qe2 Bd6 14. Bxb5 axb5 15.
Nxb5 Qc6 16. Nxd6+ Qxd6 17. e5 Ba6 18. Qe3 Nxe5 19. Qxe5 Qxe5 20. Nxe5 Bxf1 21.
Kxf1 O-O 22. Be3 Rfb8 23. Nc4 Ra4 24. Rc1 Rbb4 25. Ra1 Rb5 26. Rc1 Rxa2 27. Bf4
Ra4 28. Be5 Nd7 29. Nd6 Rb6 30. Nc8 Rba6 31. Bc3 Ra1 32. Rxa1 Rxa1+ 33. Ke2 Ra6
34. Kd3 Nf6 35. f3 c4+ 0-1

[Event "Philadelphia Open"]
[Site "Philadelphia"]
[Date "2017.04.13"]
[Round "3.21"]
[White "Homa, Seth"]
[Black "Manuelian, Haik"]
[Result "1-0"]
[WhiteElo "2326"]
[BlackElo "2098"]
[PlyCount "55"]
[EventDate "2017.04.??"]
[EventType "swiss"]
[EventRounds "9"]
[EventCountry "USA"]

1. c4 e6 2. Nc3 d5 3. e3 Nf6 4. Nf3 Be7 5. b3 O-O 6. Bb2 c5 7. cxd5 Nxd5 8. Qc2
b6 9. h4 h6 10. a3 Bb7 11. Be2 Nc6 12. g4 Ne5 13. Nxe5 Nxc3 14. Qxc3 Bxh1 15.
O-O-O Bd5 16. Nd7 Bf6 17. Nxf6+ Qxf6 18. Qxf6 gxf6 19. Bxf6 Bxb3 20. Rg1 Bd5
21. h5 c4 22. f3 Rfc8 23. Bd1 Re8 24. g5 e5 25. Bc2 e4 26. Rg4 Bc6 27. fxe4 Bd7
28. e5 1-0

[Event "Philadelphia Open"]
[Site "Philadelphia"]
[Date "2017.04.13"]
[Round "3.22"]
[White "Giannatos, Peter"]
[Black "Juac, Majur"]
[Result "1-0"]
[WhiteElo "2290"]
[BlackElo "2074"]
[Annotator "Hater,David"]
[PlyCount "103"]
[EventDate "2017.04.??"]
[EventType "swiss"]
[EventRounds "9"]
[EventCountry "USA"]

1. d4 Nf6 2. Bf4 b6 3. Nf3 Bb7 4. e3 d6 5. Nbd2 Nbd7 6. h3 h6 7. Bd3 g5 8. Bg3
Bg7 9. Qe2 e6 10. O-O-O Qe7 11. Kb1 a6 12. h4 g4 13. Nh2 Bxg2 14. Rhg1 Bh3 15.
f3 h5 16. Bxa6 e5 17. Bb5 O-O 18. fxg4 hxg4 19. Qf2 Ra5 20. Bd3 Rfa8 21. a3 b5
22. Nb3 c5 23. Nxa5 Rxa5 24. dxc5 Nxc5 25. Qd2 Qa7 26. Bf5 Nfe4 27. Bxe4 Nxe4
28. Qd3 d5 29. Be1 Ra6 30. Qxb5 Qxe3 31. Bb4 Rg6 32. h5 Rg5 33. Rge1 Qf4 34.
Qxd5 Qxh2 35. Qxe4 Bg2 36. Rd8+ Bf8 37. Rxf8+ Kg7 38. Qe3 Rxh5 39. Qf2 Bd5 40.
Qe3 Qf4 41. Qc5 Qc4 42. Rc8 Qa2+ 43. Kc1 Rh2 44. Qf8+ Kg6 45. Qg8+ Kf5 46.
Rxe5+ Kxe5 47. Qg5+ f5 48. Qe7+ Be6 49. Bd6+ Kd4 50. Qf6+ Ke3 51. Qe5+ Kf3 52.
Rc3+ 1-0

[Event "Philadelphia Open"]
[Site "Philadelphia"]
[Date "2017.04.13"]
[Round "3.24"]
[White "Zhang, Yuanchen"]
[Black "Yang, Kevin"]
[Result "1/2-1/2"]
[WhiteElo "2268"]
[BlackElo "2016"]
[PlyCount "106"]
[EventDate "2017.04.??"]
[EventType "swiss"]
[EventRounds "9"]
[EventCountry "USA"]

1. d4 Nf6 2. c4 e6 3. Nc3 Bb4 4. e3 b6 5. Nge2 O-O 6. a3 Bxc3+ 7. Nxc3 d5 8.
cxd5 exd5 9. Bd3 c5 10. O-O Nc6 11. b3 cxd4 12. exd4 h6 13. Ne2 Bb7 14. Bf4 Re8
15. Rc1 a6 16. Bb1 Rc8 17. Bf5 Ra8 18. Bb1 Rc8 19. Ng3 Ne7 20. Qf3 Ne4 21. Rxc8
Nxc8 22. Qd3 Ne7 23. f3 Nf6 24. Qd2 Ng6 25. Bxg6 fxg6 26. Rc1 Re6 27. Be5 Nd7
28. f4 Nxe5 29. fxe5 Qe7 30. a4 Rc6 31. Rxc6 Bxc6 32. Qd3 Qb4 33. h3 Be8 34.
Ne2 b5 35. Qc3 Qxc3 36. Nxc3 bxa4 37. bxa4 Bc6 38. a5 Kf7 39. Kf2 Ke6 40. h4
Kf5 41. Kf3 h5 42. Ne2 g5 43. hxg5 Kxg5 44. Nf4 g6 45. Ne6+ Kf5 46. Nc7 Bb7 47.
Ne8 Bc6 48. Nd6+ Kg5 49. Nf7+ Kf5 50. Nd6+ Kg5 51. g3 Ba4 52. Nf7+ Kf5 53. Nd6+
Kg5 1/2-1/2

[Event "Philadelphia Open"]
[Site "Philadelphia"]
[Date "2017.04.13"]
[Round "3.26"]
[White "FM Betanelli, Alexander"]
[Black "Umayan, Vincent"]
[Result "0-1"]
[WhiteElo "2236"]
[BlackElo "1983"]
[PlyCount "118"]
[EventDate "2017.04.??"]
[EventType "swiss"]
[EventRounds "9"]
[EventCountry "USA"]

1. c4 Nf6 2. g3 e5 3. Bg2 d5 4. cxd5 Nxd5 5. Nc3 Nb6 6. Nf3 Nc6 7. O-O Be7 8.
d3 O-O 9. Be3 Be6 10. Rc1 Qd7 11. Ne4 f6 12. Nc5 Bxc5 13. Bxc5 Rfd8 14. a3 Nd5
15. Qc2 Rac8 16. b4 b6 17. Be3 Nxe3 18. fxe3 Ne7 19. e4 c5 20. Qb1 c4 21. dxc4
Rxc4 22. Rcd1 Qc7 23. Rxd8+ Qxd8 24. Rd1 Qc7 25. Qd3 Rc3 26. Qd8+ Qxd8 27.
Rxd8+ Kf7 28. Rd3 Rc1+ 29. Kf2 Nc6 30. Nd2 Ke7 31. Nf1 Nd4 32. Ne3 Nb5 33. a4
Nd6 34. b5 Ra1 35. Rc3 Kd7 36. Nf5 Bxf5 37. exf5 Rxa4 38. Bc6+ Kd8 39. e4 Nxe4+
40. Bxe4 Rxe4 41. Ra3 Rd4 42. Rxa7 Rd7 43. Ra2 g6 44. Ra8+ Ke7 45. Rh8 gxf5 46.
Rxh7+ Ke6 47. Rh8 Rd5 48. h4 Kf7 49. Rc8 Rxb5 50. Rc7+ Kg6 51. Rc6 Rb2+ 52. Kf1
b5 53. Rb6 b4 54. Kg1 b3 55. Kf1 e4 56. Kg1 e3 57. Kf1 Rf2+ 58. Ke1 b2 59. Kd1
b1=Q+ 0-1

[Event "Philadelphia Open"]
[Site "Philadelphia"]
[Date "2017.04.13"]
[Round "3.27"]
[White "IM Trujillo, Reinaldo"]
[Black "WIM Yu, Jennifer"]
[Result "1/2-1/2"]
[WhiteElo "2126"]
[BlackElo "2209"]
[Annotator "Hater,David"]
[PlyCount "120"]
[EventDate "2017.04.??"]
[EventType "swiss"]
[EventRounds "9"]
[EventCountry "USA"]

1. e4 c5 2. Nf3 d6 3. d4 cxd4 4. Nxd4 Nf6 5. Nc3 a6 6. Bg5 Nbd7 7. f4 Qc7 8.
Qf3 b5 9. O-O-O Bb7 10. Nd5 Nxd5 11. exd5 Nb6 12. Bd3 Bxd5 13. Be4 Bxe4 14.
Qxe4 d5 15. Qf3 O-O-O 16. f5 Kb7 17. Rhe1 Rc8 18. Re2 g6 19. Rde1 Qc4 20. Nb3
Ka8 21. Qf2 d4 22. Re4 gxf5 23. Rxd4 Qc7 24. Qxf5 e6 25. Qf3+ Nd5 26. Rd2 Rg8
27. Be3 Kb8 28. Bd4 Bd6 29. g3 Nb4 30. c3 Nd5 31. Kb1 Rg5 32. Rf2 Rf5 33. Qe4
Rxf2 34. Bxf2 h5 35. Qh7 Nf6 36. Qg7 Ng4 37. Bg1 b4 38. Rc1 Be5 39. Qh7 bxc3
40. bxc3 Qb7 41. Qd3 Nf6 42. Bd4 Bxd4 43. Qxd4 Qe4+ 44. Kb2 Qxd4 45. Nxd4 Ng4
46. Nf3 Rc5 47. h3 Nf2 48. Rc2 Nxh3 49. Rh2 Ng5 50. Nd2 e5 51. Rxh5 e4 52. Nf1
Rf5 53. Ne3 Rf2+ 54. Kb3 f6 55. Ng4 Rf3 56. Nxf6 Rxg3 57. Kc4 e3 58. Kd3 Ne6
59. Nd5 Nc5+ 60. Ke2 Ne4 {Game drawn after many more moves were played} 1/2-1/2